Loading...
| History - American | 0 | 2 | 0 | 0 | 20 | 78 | 99.50 | 0 | 1 | 2.89 | 10.00 |
| Science - Chemistry | 0 | 2 | 0 | 2 | 20 | 103 | 104.50 | 0 | 0 | 0.09 | 3.33 |
| Current Events | 0 | 2 | 0 | 1 | 20 | 54 | 77.50 | 0 | 0 | 10.00 | 13.33 |
| Fine Arts - Painting and Sculpture | 0 | 2 | 0 | 0 | 20 | 98 | 107.50 | 0 | 1 | 0.08 | 7.78 |
| Science - Other | 0 | 2 | 1 | 1 | 15 | 79 | 106.00 | 0 | 0 | 4.25 | 5.56 |
| Fine Arts - Other | 0 | 2 | 1 | 0 | 15 | 97 | 98.00 | 0 | 1 | 2.81 | 12.22 |
| History - Other | 0 | 1 | 0 | 0 | 10 | 11 | 11.00 | 1 | 1 | 9.05 | 10.00 |
| Literature - World | 0 | 1 | 0 | 0 | 10 | 110 | 110.00 | 0 | 0 | 0.35 | 4.44 |
| Science - Biology | 0 | 1 | 0 | 1 | 10 | 113 | 113.00 | 0 | 0 | 0.00 | 1.11 |
| Fine Arts - Classical Music | 0 | 1 | 0 | 1 | 10 | 128 | 128.00 | 0 | 0 | 0.00 | 1.11 |
| History - European | 0 | 1 | 1 | 1 | 5 | 97 | 97.00 | 0 | 0 | 0.00 | 1.11 |
| Popular Culture | 0 | 0 | 0 | 0 | 0 | 0.00 | 0 | 0 | 0.00 | 0.00 | |
| History - World | 0 | 0 | 1 | 0 | -5 | 0.00 | 0 | 0 | 0.00 | 0.00 | |
| Mythology | 0 | 0 | 1 | 0 | -5 | 0.00 | 0 | 0 | 0.00 | 0.00 |